<?xml version="1.0" encoding="UTF-8"?>
<collection xmlns="http://www.loc.gov/MARC21/slim">
 <record>
  <leader>00459pamaa2200145   4500</leader>
  <controlfield tag="001">0000021277</controlfield>
  <controlfield tag="005">20101015090000.0</controlfield>
  <datafield tag="020" ind1="0" ind2="0">
   <subfield code="a">9623596758 (pbk) </subfield>
  </datafield>
  <datafield tag="082" ind1=" " ind2=" ">
   <subfield code="a">495.1321 LON</subfield>
  </datafield>
  <datafield tag="090" ind1="0" ind2="0">
   <subfield code="a">PE1628 </subfield>
   <subfield code="b">LON 1991</subfield>
  </datafield>
  <datafield tag="245" ind1="0" ind2="0">
   <subfield code="a">LONGMAN active study English-Chinese dictionary.</subfield>
  </datafield>
  <datafield tag="260" ind1="0" ind2="0">
   <subfield code="a">Hong Kong: </subfield>
   <subfield code="b">Longman Asia Limited, </subfield>
   <subfield code="c">1991.</subfield>
  </datafield>
  <datafield tag="300" ind1=" " ind2=" ">
   <subfield code="a">39a, 1011[6]p.: </subfield>
   <subfield code="b">some col.ill.; </subfield>
   <subfield code="c">22cm.</subfield>
  </datafield>
  <datafield tag="650" ind1="0" ind2="0">
   <subfield code="a">English language -- </subfield>
   <subfield code="x">Dictionaries -- </subfield>
   <subfield code="x">Chinese </subfield>
  </datafield>
  <datafield tag="710" ind1="1" ind2="1">
   <subfield code="a">Longman Asia Limited </subfield>
  </datafield>
 </record>
</collection>
